<?xml version="1.0" encoding="UTF-8"?>
<record
    xmlns:xsi="http://www.w3.org/2001/XMLSchema-instance"
    xsi:schemaLocation="http://www.loc.gov/MARC21/slim http://www.loc.gov/standards/marcxml/schema/MARC21slim.xsd"
    xmlns="http://www.loc.gov/MARC21/slim">

  <leader>03035nam a22004337i 4500</leader>
  <controlfield tag="001">194050</controlfield>
  <controlfield tag="003">RBPG</controlfield>
  <controlfield tag="005">20250825062638.0</controlfield>
  <controlfield tag="008">240219s2001    sp |          00| 0 spa  </controlfield>
  <datafield tag="017" ind1=" " ind2=" ">
    <subfield code="a">B 42402--2001</subfield>
  </datafield>
  <datafield tag="020" ind1=" " ind2=" ">
    <subfield code="a">8474328950</subfield>
  </datafield>
  <datafield tag="040" ind1=" " ind2=" ">
    <subfield code="a">SpMaBN</subfield>
    <subfield code="b">glg</subfield>
    <subfield code="c">SpMaBN</subfield>
    <subfield code="d">col2</subfield>
  </datafield>
  <datafield tag="080" ind1=" " ind2="0">
    <subfield code="a">087.5:17</subfield>
  </datafield>
  <datafield tag="100" ind1=" " ind2="0">
    <subfield code="a">Tugendhat, Ernst,</subfield>
    <subfield code="d">1930-</subfield>
    <subfield code="9">235667</subfield>
  </datafield>
  <datafield tag="245" ind1="1" ind2="3">
    <subfield code="a">El libro de Manuel y Camila :</subfield>
    <subfield code="b">di&#xE1;logos sobre &#xE9;tica /</subfield>
    <subfield code="c">Ernst Tugendhat, Ana Mar&#xED;a Vicu&#xF1;a y Celso L&#xF3;pez.</subfield>
  </datafield>
  <datafield tag="250" ind1=" " ind2=" ">
    <subfield code="a">1&#xAA; ed., 3&#xAA; reimp.</subfield>
  </datafield>
  <datafield tag="260" ind1=" " ind2=" ">
    <subfield code="a">Barcelona :</subfield>
    <subfield code="b">Gedisa,</subfield>
    <subfield code="c">2001.</subfield>
  </datafield>
  <datafield tag="300" ind1=" " ind2=" ">
    <subfield code="a">165 p. ;</subfield>
    <subfield code="c">23 cm</subfield>
  </datafield>
  <datafield tag="336" ind1=" " ind2=" ">
    <subfield code="2">rdacontent</subfield>
    <subfield code="a">texto</subfield>
  </datafield>
  <datafield tag="337" ind1=" " ind2=" ">
    <subfield code="2">rdamedia</subfield>
    <subfield code="a">sin mediaci&#xF3;n</subfield>
  </datafield>
  <datafield tag="338" ind1=" " ind2=" ">
    <subfield code="2">rdacarrier</subfield>
    <subfield code="a">volumen</subfield>
  </datafield>
  <datafield tag="490" ind1="1" ind2=" ">
    <subfield code="a">Campo de estrellas</subfield>
  </datafield>
  <datafield tag="500" ind1=" " ind2=" ">
    <subfield code="a">Traducci&#xF3;n de: Wie sollen wir handeln? Sch&#xFC;lergespr&#xE4;che &#xFC;ber Moral</subfield>
  </datafield>
  <datafield tag="520" ind1=" " ind2=" ">
    <subfield code="a">&#xBF;Por qu&#xE9; el asesinato es el peor crimen? &#xBF;Por qu&#xE9; hay que respetar a los dem&#xE1;s? &#xBF;Cu&#xE1;ndo se debe ayudar a otras personas? &#xBF;Por qu&#xE9; se deben cumplir las promesas? &#xBF;Qu&#xE9; significa ser responsable? &#xBF;Por qu&#xE9; es malo robar? Estas y muchas otras cuestiones dan lugar a animadas y a veces acaloradas discusiones sobre las que Manuel, Camila y sus compa&#xF1;eros de clase dicen lo que piensan y sienten, inquietos por los sucesos que cuentan sus padres en casa, que ven en la televisi&#xF3;n, en la calle e incluso en el patio de colegio. Por primera vez sienten la necesidad de encontrar respuestas a tantos interrogantes que las acciones humanas despiertan y despertar&#xE1;n en ellos durante el resto de sus vidas. Ernst Tugendhat, el prestigioso fil&#xF3;sofo alem&#xE1;n, en colaboraci&#xF3;n con Celso L&#xF3;pez y Ana Mar&#xED;a Vicu&#xF1;a, profesores de primaria con una larga experiencia docente en Chile han escrito un libro desenfadado y nada forzado mediante el cual ni&#xF1;os y adolescentes aprender&#xE1;n a pensar &#xE9;ticamente, a trav&#xE9;s de la lectura de lo que dicen y piensan ni&#xF1;os que est&#xE1;n igualmente aprendiendo a hacerlo. En El libro de Manuel y Camila no se dice nada acerca de las opiniones de los grandes fil&#xF3;sofos, ni siquiera todas las preguntas encuentran respuesta, pero al lector le quedar&#xE1; la impresi&#xF3;n de que aqu&#xED; todos los participantes han hecho grandes y sinceros esfuerzos. &#xBF;Y no es esto lo que en el fondo se puede esperar de la Filosof&#xED;a?</subfield>
  </datafield>
  <datafield tag="594" ind1=" " ind2=" ">
    <subfield code="a">Traducci&#xF3;n de: Wie sollen wir handeln?</subfield>
  </datafield>
  <datafield tag="650" ind1=" " ind2="7">
    <subfield code="a">&#xC9;tica</subfield>
    <subfield code="2">embne</subfield>
    <subfield code="9">12577</subfield>
  </datafield>
  <datafield tag="655" ind1=" " ind2="7">
    <subfield code="2">tgfbne</subfield>
    <subfield code="a">Libros infantiles</subfield>
    <subfield code="9">226786</subfield>
  </datafield>
  <datafield tag="700" ind1=" " ind2="0">
    <subfield code="a">Vicu&#xF1;a, Ana Mar&#xED;a</subfield>
    <subfield code="9">235670</subfield>
  </datafield>
  <datafield tag="700" ind1="1" ind2="0">
    <subfield code="a">L&#xF3;pez, Celso</subfield>
    <subfield code="9">235671</subfield>
  </datafield>
  <datafield tag="830" ind1=" " ind2=" ">
    <subfield code="a">Campo de estrellas</subfield>
    <subfield code="9">236205</subfield>
  </datafield>
  <datafield tag="852" ind1=" " ind2=" ">
    <subfield code="a">ES-MaACL</subfield>
    <subfield code="b">R.155063</subfield>
    <subfield code="c">DEPOJ</subfield>
    <subfield code="j">N-9839</subfield>
    <subfield code="x">Encuadernaci&#xF3;n carton&#xE9;</subfield>
    <subfield code="9">202169</subfield>
    <subfield code="h">Donaci&#xF3;n: Ver&#xF3;nica Torres</subfield>
  </datafield>
  <datafield tag="903" ind1=" " ind2=" ">
    <subfield code="a">Torres, Ver&#xF3;nica</subfield>
    <subfield code="9">236206</subfield>
    <subfield code="e">dnr</subfield>
  </datafield>
  <datafield tag="942" ind1="0" ind2="0">
    <subfield code="c">MONOGRAFIA</subfield>
    <subfield code="n">0</subfield>
  </datafield>
  <datafield tag="999" ind1=" " ind2=" ">
    <subfield code="c">194050</subfield>
    <subfield code="d">194050</subfield>
  </datafield>
  <datafield tag="952" ind1=" " ind2=" ">
    <subfield code="0">0</subfield>
    <subfield code="1">0</subfield>
    <subfield code="2">udc</subfield>
    <subfield code="4">0</subfield>
    <subfield code="7">0</subfield>
    <subfield code="a">ATENEOM</subfield>
    <subfield code="b">ATENEOM</subfield>
    <subfield code="c">DEPOJ</subfield>
    <subfield code="d">2024-05-06</subfield>
    <subfield code="e">DONACION</subfield>
    <subfield code="l">0</subfield>
    <subfield code="o">N-9839</subfield>
    <subfield code="p">101227233</subfield>
    <subfield code="r">2024-05-06 00:00:00</subfield>
    <subfield code="w">2024-05-06</subfield>
    <subfield code="y">MONOGRAFIA</subfield>
  </datafield>
</record>
